000
00255nam a22001217a 4500
008
180920b xxu||||| |||| 00| 0 eng d
041
_a
eng
080
_a
574
100
_a
9
101
_a
MJE
245
_a
Water For Future
_c
Egbert.J
942
_2
udc
_c
BK
999
_c
48125
_d
48125